World's Famous Volcanoes - Statistics

General Stats
  • This quiz has been taken 220 times
  • The average score is 14 of 21
Answer Stats
Picture Hint Answer % Correct
Mount Fuji Japan
99%
Mount Etna Italy
91%
Mount Vesuvius Italy
90%
Mount Kilimanjaro Tanzania
89%
Mount St Helens United States
89%
Mount Rainier United States
86%
Mount Ararat Turkey
77%
Popocatepetl Mexico
75%
Koryaksky Russia
71%
Avachinsky Russia
69%
Mount Stromboli Italy
65%
Mount Elbrus Russia
65%
Chimborazo Ecuador
58%
Kronotsky Russia
58%
Mount Shasta United States
52%
Cotopaxi Ecuador
43%
Mount Sinabung Indonesia
41%
El Misti Peru
40%
Colima Mexico
36%
Mount Mayon Philippines
36%
Arenal Volcano Costa Rica
35%
No matching quizzes found
Score Distribution
Percent of People with Each Score
Percentile by Number Answered
Your Score History
You have not taken this quiz